|
|
|
|
| LEADER |
01422nam a2200289 u 4500 |
| 001 |
10020488 |
| 003 |
upatras |
| 005 |
20210117205435.0 |
| 008 |
881025m19531955us eng |
| 040 |
|
|
|a GR-PaULI
|c GR-PaULI
|
| 041 |
0 |
|
|a eng
|
| 082 |
0 |
4 |
|a 515.22
|
| 100 |
1 |
|
|a Bateman, Harry
|9 144595
|
| 245 |
1 |
0 |
|a Higher transcendental functions
|c Harry Bateman
|
| 260 |
|
|
|a New York
|b McGraw-Hill Book Company
|
| 300 |
|
|
|a 2 v.
|b tab.
|c 23 cm
|
| 500 |
|
|
|a Prepared at the California Institute of Technology under contract No. N6onr-244 task order xiv with the Office of Naval Research
|
| 500 |
|
|
|a Project designation number : NR 043-045
|
| 505 |
0 |
|
|a v.1. - xxvi, 302 p. - 1953--
|a v.3. - xvii, 292 p. - 1955.
|
| 650 |
|
4 |
|a Μαθηματική ανάλυση
|x Υπερβατικές συναρτήσεις
|9 90014
|
| 852 |
|
|
|a GR-PaULI
|b ΠΑΤΡΑ
|b ΒΚΠ
|b ΒΣ1
|k ΑΣΧΞ
|h 515.22 B
|m 02186
|p 025000002560
|t 1
|3 v.1
|
| 852 |
|
|
|a GR-PaULI
|b ΠΑΤΡΑ
|b ΒΚΠ
|b ΒΣ1
|k ΑΣΧΞ
|h 515.22 B
|m 02190
|p 025000002559
|t 1
|3 v.3
|
| 942 |
|
|
|2 ddc
|c BK15
|
| 952 |
|
|
|0 0
|1 0
|3 v.1
|4 0
|6 515_220000000000000_B
|7 0
|9 179707
|a LISP
|b LISP
|c BSC
|d 2016-04-24
|i 02186
|l 0
|o 515.22 B
|p 025000002560
|r 2016-04-24 00:00:00
|t 1
|w 2016-04-24
|y BK15
|
| 952 |
|
|
|0 0
|1 0
|3 v.3
|4 0
|6 515_220000000000000_B
|7 0
|9 179708
|a LISP
|b LISP
|c BSC
|d 2016-04-24
|i 02190
|l 0
|o 515.22 B
|p 025000002559
|r 2016-04-24 00:00:00
|t 1
|w 2016-04-24
|y BK15
|
| 998 |
|
|
|c MANIAKH
|d 1999-01
|
| 999 |
|
|
|c 111342
|d 111342
|